000 00340nam a2200133 a 4500
001 4140
005 20140414131933.0
008 090218s19uu xx 00 eng d
050 _aREF 423.1
_bW39 2007
245 _aWebster's universal spelling, grammar & usage.
260 _bGeddes & Grosset,
_c2007.
999 _c112318
_d112318